Control de constitucionalidad de la ley
Saved in:
| Hovedforfatter: | |
|---|---|
| Format: | Bog |
| Sprog: | spansk |
| Udgivet: |
Santiago
Jurídica de Chile
1969
|
| Fag: | |
| Tags: |
Tilføj Tag
Ingen Tags, Vær først til at tagge denne postø!
|
MARC
| LEADER | 00000nam a2200000 a 4500 | ||
|---|---|---|---|
| 001 | UCV0546 | ||
| 003 | CL-VaPUC | ||
| 008 | 881013e19690000CL |||||||||||||||||spa|d | ||
| 082 | 0 | 4 | |a 342.066 |b BER |2 21 |
| 100 | 0 | |a Bertelsen Repetto, Raúl |e author |9 295004 | |
| 245 | 1 | 0 | |a Control de constitucionalidad de la ley |
| 300 | |a 188 p | ||
| 942 | |c BK | ||
| 945 | |d 19881013 00:00:00 | ||
| 260 | |a Santiago |b Jurídica de Chile |c 1969 | ||
| 650 | 0 | |a Derecho constitucional |9 222588 | |
| 650 | 7 | |a PROMULGACION DE LEYES |2 CL-VaPUC |9 255305 | |
| 583 | |a last modification |c 19881013 00:00:00 |k Rodrigo Vera | ||
| 999 | |c 208944 |d 208942 | ||
| 952 | |0 0 |1 0 |4 0 |6 342_066000000000000_BER_1969 |7 0 |8 A |9 183965 |a BIBDER |b BIBDER |d 2019-11-14 |i 2509288 |o 342.066 BER 1969 |p 2509288 |r 2023-01-25 |w 2019-11-14 |y BK |k DER | ||
| 952 | |0 0 |1 0 |4 0 |6 342_066000000000000_BER_1969 |7 0 |8 A |9 183966 |a BIBHIS |b BIBHIS |d 2019-11-14 |i 1208640 |o 342.066 BER 1969 |p 1208640 |r 2025-01-20 |w 2019-11-14 |y BK |k HIS | ||